Movies Quiz

Random Movies or Star Wars Quiz

Star Wars Episodes Quiz Stats

 Plays Quiz Updated Mar 19, 2020

Support Sporcle.
Go Orange.
Score 0/9 Timer 01:30
3 Plays Today
Episode Title % Correct
Star Wars: Episode VIReturn of the Jedi
90.7%
Star Wars: Episode IVA New Hope
89.9%
Star Wars: Episode VThe Empire Strikes Back
87.9%
Star Wars: Episode IThe Phantom Menace
82%
Star Wars: Episode IIIRevenge of the Sith
80.4%
Star Wars: Episode IIAttack of the Clones
76.8%
Star Wars: Episode VIIThe Force Awakens
68.8%
Star Wars: Episode VIIIThe Last Jedi
62.2%
Star Wars: Episode IXThe Rise of Skywalker
56.8%

From the Vault

Group Clicking: Asia - No Outlines

by Barbecue

We've said it before and we'll say it again: clicking in groups is just more efficient.
Remove Ads.
Support Sporcle.
Get the best of Sporcle when you Go Orange. This ad-free experience offers more features, more stats, and more fun while also helping to support Sporcle. Thank you for becoming a member.

Show Comments

Extras

Top Quizzes Today


Score Distribution

Your Account Isn't Verified!

In order to create a playlist on Sporcle, you need to verify the email address you used during registration. Go to your Sporcle Settings to finish the process.

Report this User

Report this user for behavior that violates our Community Guidelines.

Details: